Important causes of delay in public utility projects in Saudi Arabia (Record no. 60102)
[ view plain ]
| 000 -LEADER | |
|---|---|
| fixed length control field | 00939cam a2200241 4500 |
| 001 - CONTROL NUMBER | |
| control field | ABS61447 |
| 008 - FIXED-LENGTH DATA ELEMENTS--GENERAL INFORMATION | |
| fixed length control field | 000000n1999 000 0 eng u |
| 035 ## - SYSTEM CONTROL NUMBER | |
| System control number | (Sirsi) u100464 |
| 100 ## - MAIN ENTRY--PERSONAL NAME | |
| Personal name | Al-Khalil, M. |
| 245 ## - TITLE STATEMENT | |
| Title | Important causes of delay in public utility projects in Saudi Arabia |
| 260 ## - PUBLICATION, DISTRIBUTION, ETC. | |
| Date of publication, distribution, etc. | 1999 |
| 490 ## - SERIES STATEMENT | |
| Series statement | Construction Management and Economics |
| Volume/sequential designation | 17(5) September 1999, 647-655(12) |
| 520 ## - SUMMARY, ETC. | |
| Summary, etc. | Aim of study was to uncover the most important causes of delay in public utility projects, based on the frequency and seriousness of the causes. The parties surveyed mostly agreed on the importance ranking of delay causes, but showed lack of agreement on the ranking of the main categories of delay. |
| 590 ## - LOCAL NOTE (RLIN) | |
| Local note | ABS |
| 650 ## - SUBJECT ADDED ENTRY--TOPICAL TERM | |
| Topical term or geographic name entry element | UTILITY PROJECTS |
| 650 ## - SUBJECT ADDED ENTRY--TOPICAL TERM | |
| Topical term or geographic name entry element | DELAY |
| 650 ## - SUBJECT ADDED ENTRY--TOPICAL TERM | |
| Topical term or geographic name entry element | TIME |
| 650 ## - SUBJECT ADDED ENTRY--TOPICAL TERM | |
| Topical term or geographic name entry element | CLAIMS |
| 650 ## - SUBJECT ADDED ENTRY--TOPICAL TERM | |
| Topical term or geographic name entry element | SAUDI ARABIA |
| 690 ## - LOCAL SUBJECT ADDED ENTRY--TOPICAL TERM (OCLC, RLIN) | |
| Topical term or geographic name as entry element | Project management |
| 9 (RLIN) | 6261 |
| 700 ## - ADDED ENTRY--PERSONAL NAME | |
| Personal name | Al-Ghafly, M. |
| 942 ## - ADDED ENTRY ELEMENTS (KOHA) | |
| Suppress in OPAC | 0 |
| Withdrawn status | Lost status | Source of classification or shelving scheme | Damaged status | Not for loan | Home library | Current library | Shelving location | Date acquired | Total Checkouts | Full call number | Barcode | Date last seen | Copy number | Price effective from | Koha item type |
|---|---|---|---|---|---|---|---|---|---|---|---|---|---|---|---|
| Dewey Decimal Classification | London | London | Journal article | 14/10/1999 | ABS61447 | 100464-1001 | 06/08/2019 | 1 | 06/08/2019 | Journal article |